Online Catalogue and eLibrary

Lolly Willowes (Record no. 3409)

MARC details
000 -LEADER
fixed length control field 00404nam a2200157Ia 4500
005 - DATE AND TIME OF LATEST TRANSACTION
control field 20241217023422.0
008 - FIXED-LENGTH DATA ELEMENTS--GENERAL INFORMATION
fixed length control field 240331s9999 xx 000 0 und d
020 ## - INTERNATIONAL STANDARD BOOK NUMBER
ISBN 0704338246
082 ## - DDC Classification
Item Number - Author Mark WAR
Class No. 823
100 ## - MAIN ENTRY--PERSONAL NAME
Personal name Warner, S.T
245 #0 - TITLE STATEMENT
Title Lolly Willowes
Remainder of title or the Loving Huntsman
260 ## - PUBLICATION, DISTRIBUTION, ETC.
Place of publication, distribution, etc. London
Name of publisher, distributor, etc. The Women's Press Limited
Date of publication, distribution, etc. 1978
300 ## - PHYSICAL DESCRIPTION
Extent (e.g. Volumes, Pages etc.) 246 P .,
500 ## - GENERAL NOTE
General note A Adventure novel
942 ## - Koha item type (Biblio)
Koha item type Books in Stacks (Lending)
Holdings
Lost status Damaged status Collection code Home library Current library Shelving location Date acquired Full call number Accession Number Item type
    Lending WERC Library WERC Library Social Science Cupboard 03/31/2024 823 WAR 90 Books in Stacks (Lending)

© WERC Library